Trivia questions-Earth - Statistics

General Stats
  • This quiz has been taken 10 times
  • The average score is 5 of 10
Answer Stats
Clue Answer % Correct
What is the name of the supercontinent that existed almost 300 million years ago and incorporated all modern continents into one landmass? Pangea
80%
Which country has the most islands? Sweden
70%
Where is the second largest rainforest on Earth? D.R. Congo
60%
What is the most abundant element in the Earth’s core? Iron
60%
What is the name for a large volcanic crater, usually formed after a major eruption? Caldera
40%
What first emerged on Earth during the Archean Eon? Life
40%
Where would you travel to visit the most active volcano in the world? (not a country) Hawaii
30%
During which Geologic era did dinosaurs walk the earth? Mesozoic
30%
What is the driest place on Earth? The Atacama Desert
30%
Some scientists believe we’re living in a new geological age in which humans are the biggest influence on the climate and environment. What do they call this new age? The Anthropocene
20%
No matching quizzes found
Score Distribution
Percent of People with Each Score
Percentile by Number Answered
Your Score History
You have not taken this quiz